Thế giới nghệ thuật thơ lục bát Nguyễn Duy
Nguyễn Duy - từ tư tưởng nghệ thuật đến hành trình "Đưa chân lục bát mà đi loằng ngoằng" Hình tượng nghệ thuật trong thơ lục bát Nguyễn Duy. Phương thức thể hiện trong thơ lục bát Nguyễn Duy
Enregistré dans:
| Auteur principal: | |
|---|---|
| Autres auteurs: | |
| Format: | Livre |
| Langue: | Vietnamese |
| Publié: |
Đà Nẵng
Đại học Đà Nẵng
2011
|
| Collection: | Luận văn thạc sĩ khoa học xã hội và nhân văn . Chuyên ngành: Văn học Việt Nam
|
| Sujets: | |
| Tags: |
Ajouter un tag
Pas de tags, Soyez le premier à ajouter un tag!
|
| Thư viện lưu trữ: | Mạng thư viện Đại học Đà Nẵng |
|---|
| LEADER | 01513nam a2200337 4500 | ||
|---|---|---|---|
| 001 | 000012650 | ||
| 003 | 8958 | ||
| 005 | 20120223090203.0 | ||
| 008 | 120223s2011 viesd | ||
| 041 | |a vie | ||
| 072 | |a Khóa luận tốt nghiệp | ||
| 082 | |a 895.92209 |b PH-L | ||
| 100 | |a Nguyễn, Thị Kim Loan | ||
| 245 | |a Thế giới nghệ thuật thơ lục bát Nguyễn Duy |c Nguyễn, Thị Kim Loan | ||
| 260 | |a Đà Nẵng |b Đại học Đà Nẵng |c 2011 | ||
| 300 | |a 85 tr. |c 29 cm |e tóm tắt + đia CD | ||
| 490 | |a Luận văn thạc sĩ khoa học xã hội và nhân văn . Chuyên ngành: Văn học Việt Nam | ||
| 500 | |a Tham khảo tr.80 - 85 | ||
| 520 | |a Nguyễn Duy - từ tư tưởng nghệ thuật đến hành trình "Đưa chân lục bát mà đi loằng ngoằng" Hình tượng nghệ thuật trong thơ lục bát Nguyễn Duy. Phương thức thể hiện trong thơ lục bát Nguyễn Duy | ||
| 653 | |a Luận văn thạc sí | ||
| 700 | |a Bùi, Thanh Truyền |c TS |e Hướng dẫn | ||
| OWN | |a LSP | ||
| AVA | |a UDN50 |b LSP |d 895.92209 PH-L |e available |t Error 5001 Not defined in file expand_doc_bib_avail. |f 1 |g 0 |h N |i 0 |k 1 | ||
| 999 | |a From the UDN01 | ||
| AVA | |a UDN50 |b LSP |d 895.92209 PH-L |e available |t Error 5001 Not defined in file expand_doc_bib_avail. |f 1 |g 0 |h N |i 0 |k 1 | ||
| TYP | |a Monograph | ||
| TYP | |a Printed language | ||
| 980 | |a Mạng thư viện Đại học Đà Nẵng | ||